Aviation Law, Machinery Law - Specifications

Smernice ES by mali pôvodne zjednodušiť voľný pohyb tovaru v rámci členských štátov EÚ. Výsledná myšlienka ako správna a dôležitá, pričom má previesť vnútroštátne právo do práva EÚ v spájajúcej sa a rastúcej Európe. Súbežné špecifikácie v letectve a strojárenskom práve.

Gespeichert in:
Bibliographische Detailangaben
1. Verfasser: Daneshjo, Naqibullah, 1964-
Weitere Verfasser: Kohla, Andreas
Format: Buchkapitel
Sprache:Englisch
Schlagworte:
Tags: Tag hinzufügen
Keine Tags, Fügen Sie das erste Tag hinzu!

MARC

LEADER 00000naa a2200000 4500
001 0270306
005 20240502074232.5
041 0 |a eng 
044 |a SK 
245 1 0 |a Aviation Law, Machinery Law - Specifications  |c Naqibullah Daneshjo 
520 |a Smernice ES by mali pôvodne zjednodušiť voľný pohyb tovaru v rámci členských štátov EÚ. Výsledná myšlienka ako správna a dôležitá, pričom má previesť vnútroštátne právo do práva EÚ v spájajúcej sa a rastúcej Európe. Súbežné špecifikácie v letectve a strojárenskom práve. 
610 2 0 |a priemysel letecký 
610 2 0 |a priemysel strojársky 
610 2 0 |a právo 
610 2 0 |a smernice 
100 1 |a Daneshjo, Naqibullah, 1964- 
700 1 |a Kohla, Andreas